| 000 | 00577cam a22001817a 4500 | ||
|---|---|---|---|
| 008 | 110405s2010 gw a b 001 0 eng d | ||
| 020 | _a9783527317943 (hbk. : set) | ||
| 020 | _a3527317945 (hbk. : set) | ||
| 050 | 0 | 0 |
_aTA418.9.N35 _bA3286 2010 |
| 082 | 0 | 4 | _a620.5 |
| 245 | 0 | 0 |
_aAdvanced nanomaterials / _cedited by Kurt E. Geckeler and Hiroyuki Nishide. |
| 260 |
_aWeinheim : _bWiley-VCH, _cc2010. |
||
| 300 |
_a2 v. (xxiv, 906 p.) : _bill. (some col.) ; |
||
| 650 | 0 | _aNanostructured materials. | |
| 700 | 1 | _aGeckeler, Kurt E. | |
| 700 | 1 | _aNishide, Hiroyuki. | |
| 942 | _cBK | ||
| 999 |
_c2425 _d2425 |
||